Tranvía negro /

Gespeichert in:
Bibliographische Detailangaben
1. Verfasser: Corrales Arias, Adriano 1958-
Format: Unbekannt
Sprache:Spanish
Veröffentlicht: San José, Costa Rica: Arboleda, 2010
Ausgabe:3. edición
Schlagworte:
Tags: Tag hinzufügen
Keine Tags, Fügen Sie den ersten Tag hinzu!

MARC

LEADER 000000000a22000000004500
001 001021
008 170621s2010 cr ||||| |||| 00| p spa d
020 |a 9789968536165 
041 0 |a español 
082 |a CR861.44  |b C823t 
100 1 |a Corrales Arias, Adriano  |d 1958- 
245 1 0 |a Tranvía negro /  |c Adriano Corrales 
250 |a 3. edición 
260 |a San José, Costa Rica:   |b Arboleda,   |c 2010 
300 |a 97 páginas 
500 |a Número de inscripción 14074 
650 4 |a LITERATURA COSTARRICENSE  |v POESÍA 
942 |2 ddc  |c BK 
999 |c 2147  |d 2147